[Event "London Classic Open 2015"]
[Site "London ENG"]
[Date "2015.12.06"]
[Round "4.105"]
[White "Shamash, Michelle"]
[Black "Rovai, Andrea"]
[Result "0-1"]
[WhiteElo "1677"]
[BlackElo "1839"]
[WhiteFideId "4225767"]
[BlackFideId "2833072"]
[EventDate "2015.12.04"]

1. d4 Nf6 2. g3 g6 3. Bg2 Bg7 4. e4 d6 5. e5 dxe5 6. dxe5 Qxd1+ 7. Kxd1 Ng4 8.
Ke2 Nxe5 9. c3 c6 10. h3 Bf5 11. Na3 O-O 12. f4 Nd3 13. g4 Nxc1+ 14. Rxc1 Be6
15. Ra1 Nd7 16. Nf3 Bd5 17. Ne1 Bxg2 18. Nxg2 e5 19. Rhd1 Nb6 20. fxe5 Rfe8 21.
Rd3 Bh6 22. Rad1 Rxe5+ 23. Kf3 Rae8 24. h4 f6 25. Rd8 Kf7 26. Rxe8 Kxe8 27. Rd3
Rd5 28. Rxd5 Nxd5 29. Nc4 b6 30. Ne1 Ke7 31. Nd3 Ke6 32. Na3 Bf8 33. Nc2 c5 34.
c4 Nb4 35. Ndxb4 cxb4 36. Ke4 Bc5 37. Ne1 f5+ 38. gxf5+ gxf5+ 39. Kf4 Bd6+ 40.
Ke3 Bc5+ 41. Kf4 Kf6 42. Nf3 Bd6+ 43. Ke3 Kg6 44. Kf2 Kh5 45. Kg2 Kg4 46. Nd4
Be5 47. Nc6 Bxb2 48. Nxb4 Kxh4 49. Nc6 a5 50. Ne7 Kg4 51. Nd5 Bd4 52. Nc7 h5 53.
Nb5 Be5 54. Na3 h4 55. Nc2 h3+ 56. Kh1 Kf3 57. Kg1 Ke2 58. Na3 f4 0-1

[Event "London Classic Open 2015"]
[Site "London ENG"]
[Date "2015.12.06"]
[Round "4.106"]
[White "Dror, Levi"]
[Black "Edwards, Simon R"]
[Result "1-0"]
[WhiteElo "1798"]
[BlackElo "1945"]
[WhiteFideId "2809583"]
[BlackFideId "406821"]
[EventDate "2015.12.04"]

1. e4 c5 2. Nf3 g6 3. d4 cxd4 4. Nxd4 Bg7 5. Nc3 Nc6 6. Be3 Nf6 7. Qd2 Qa5 8. f3
O-O 9. Bc4 Qb4 10. Nxc6 bxc6 11. Bb3 Ba6 12. g4 d5 13. a3 Qa5 14. g5 Nd7 15.
exd5 Ne5 16. Kf2 Rab8 17. dxc6 Rfd8 18. Nd5 Rxb3 19. Qxa5 1-0

[Event "London Classic Open 2015"]
[Site "London ENG"]
[Date "2015.12.06"]
[Round "4.107"]
[White "Shah, Dipak K"]
[Black "Opasiak, Dustin Tennessee"]
[Result "1-0"]
[WhiteElo "1837"]
[BlackElo "1782"]
[WhiteFideId "425842"]
[BlackFideId "24630217"]
[EventDate "2015.12.04"]

1. e4 e6 2. d4 d5 3. exd5 exd5 4. Nf3 Nf6 5. h3 Bd6 6. Bd3 O-O 7. O-O h6 8. c3
c6 9. Be3 Re8 10. Re1 a5 11. Qd2 Nbd7 12. Kf1 Ne4 13. Qc2 Ndf6 14. Nbd2 Bf5 15.
c4 dxc4 16. Nxc4 Bb4 17. Re2 Nd5 18. Nce5 Ndf6 19. g4 Bh7 20. Qb3 Qe7 21. g5 Nd5
22. gxh6 Nxe3+ 23. Rxe3 Nxf2 24. Kxf2 Bxd3 25. Qxd3 1-0

[Event "London Classic Open 2015"]
[Site "London ENG"]
[Date "2015.12.06"]
[Round "4.108"]
[White "Knudsen, Andre"]
[Black "Bin-Suhayl, Ieysaa"]
[Result "1/2-1/2"]
[WhiteElo "1756"]
[BlackElo "1828"]
[WhiteFideId "1723650"]
[BlackFideId "429031"]
[EventDate "2015.12.04"]

1. d4 d5 2. Nf3 Nf6 3. c4 e6 4. g3 c5 5. Bg2 Nc6 6. cxd5 exd5 7. O-O Be7 8. dxc5
Bxc5 9. a3 O-O 10. b4 Be7 11. Bb2 Qc7 12. Nc3 Rd8 13. Rc1 Qb6 14. Na4 Qb5 15.
Bxf6 Bxf6 16. Rc5 Qa6 17. b5 Qa5 18. bxc6 Qc7 19. cxb7 Qxb7 20. Qc2 Bd7 21. e3
Rac8 22. Rxc8 Rxc8 23. Rb1 Bxa4 24. Rxb7 Bxc2 25. Nd4 Be4 26. Bxe4 dxe4 27. Nf5
Rd8 28. Rxa7 g6 29. Nh6+ Kg7 30. Nxf7 Rd1+ 31. Kg2 Kg8 32. Nh6+ Kh8 33. Ra4 Ra1
34. Rxe4 Rxa3 35. h4 Ra2 36. Rf4 Bc3 37. g4 Bd2 38. Rf3 Ra4 39. g5 Ra8 40. Ng4
Bc3 41. Rf7 Bg7 42. f4 h5 43. gxh6 Bxh6 44. Nxh6 g5 45. hxg5 Ra2+ 46. Kf3 Rf2+
47. Kxf2 1/2-1/2

[Event "London Classic Open 2015"]
[Site "London ENG"]
[Date "2015.12.06"]
[Round "4.109"]
[White "Chilton, James I"]
[Black "Kalerwa, Edwin M"]
[Result "0-1"]
[WhiteElo "1742"]
[BlackElo "1823"]
[WhiteFideId "423009"]
[BlackFideId "422223"]
[EventDate "2015.12.04"]

1. d4 g6 2. e4 Bg7 3. c4 d6 4. Nf3 Nd7 5. Nc3 c5 6. d5 Ngf6 7. Bd3 O-O 8. h3 Re8
9. Be3 Nf8 10. Qd2 e6 11. O-O-O Bd7 12. g4 Qa5 13. Bf4 e5 14. Be3 a6 15. Bb1 b5
16. cxb5 axb5 17. Ne2 b4 18. Rdg1 c4 19. Kd1 Ba4+ 20. Ke1 Rec8 21. b3 cxb3 22.
axb3 Bxb3 23. Kf1 Qb5 24. Kg2 Bc4 25. Ng3 b3 26. g5 N6d7 27. h4 Nc5 28. Bxc5
dxc5 29. h5 Qd7 30. Qc3 Qa4 31. Nd2 Qb4 32. Rc1 Bb5 33. Nxb3 Qxc3 34. Rxc3 Nd7
35. Bc2 Ra3 36. Rf3 c4 37. Na1 Ra2 38. Rc3 Rca8 39. Rb1 R8a5 40. h6 Bf8 41. Nb3
cxb3 42. Bxb3 Ra1 43. Rb2 Nc5 44. Bc2 R1a2 45. Rb1 Bd6 46. Kh3 Kf8 47. f3 Ke7
48. Nh1 Ra1 49. Rxa1 Rxa1 50. Nf2 f6 51. gxf6+ Kxf6 52. Ng4+ Kg5 53. f4+ Kxf4
54. Nf6 Ra7 55. Bd1 Rf7 56. Kh4 Bd3 57. Ng4 Bxe4 58. Nf2 Be7+ 59. Kh3 Bxd5 60.
Be2 e4 61. Rg3 Ke5 62. Ng4+ Kd4 63. Rg1 Be6 64. Rd1+ Nd3 65. Rd2 Kc3 66. Rd1
Nf4+ 67. Kh2 Nxe2 68. Ne5 Rf2+ 69. Kh1 Nd4 70. Nxg6 hxg6 71. Rc1+ Nc2 72. Rg1
Bf5 73. Rg3+ e3 74. h7 Bf6 75. h8=Q Bxh8 76. Kg1 Bd4 77. Rg5 e2 78. Rg3+ Kc4 79.
Kh1 e1=Q+ 80. Rg1 Rh2+ 81. Kxh2 Qxg1# 0-1

[Event "London Classic Open 2015"]
[Site "London ENG"]
[Date "2015.12.06"]
[Round "4.110"]
[White "Miu, Marinel"]
[Black "Haddock, Paul"]
[Result "1-0"]
[WhiteElo "1820"]
[BlackElo "1623"]
[WhiteFideId "1220691"]
[BlackFideId "419150"]
[EventDate "2015.12.04"]

1. e3 g6 2. b3 Bg7 3. c3 Nf6 4. Bb2 O-O 5. Qc2 d6 6. Be2 e5 7. d3 Be6 8. Bf3 c6
9. Nd2 Bg4 10. h3 Bxf3 11. Ngxf3 b5 12. a4 a5 13. O-O Nbd7 14. Rfd1 Qe7 15. c4
bxa4 16. bxa4 Rfb8 17. Ba3 c5 18. Rab1 Qd8 19. Rb5 Rxb5 20. axb5 a4 21. Ne4 Ne8
22. d4 f5 23. Nxd6 exd4 24. Nxe8 Qxe8 25. exd4 cxd4 26. c5 Qe4 27. Qxe4 fxe4 28.
Nxd4 Nxc5 29. Bxc5 a3 30. Nb3 a2 31. b6 a1=Q 32. Nxa1 Rxa1 33. Rxa1 Bxa1 34. Bd6
Bd4 35. b7 1-0

[Event "London Classic Open 2015"]
[Site "London ENG"]
[Date "2015.12.06"]
[Round "4.111"]
[White "Kazmierczak, Ewa"]
[Black "Ettu, Kore"]
[Result "0-1"]
[WhiteElo "1599"]
[BlackElo "1816"]
[WhiteFideId "1154877"]
[BlackFideId "439932"]
[EventDate "2015.12.04"]

1. e4 e5 2. Nf3 Nc6 3. Bb5 Nf6 4. O-O d6 5. Re1 Be7 6. d4 exd4 7. Nxd4 Bd7 8.
Nxc6 bxc6 9. Bf1 O-O 10. Nc3 Rb8 11. b3 Ng4 12. h3 Bf6 13. Bb2 Ne5 14. Rb1 Ng6
15. Be2 Nf4 16. Bg4 Be5 17. Bxd7 Qxd7 18. Qf3 f5 19. exf5 Qxf5 20. Qe4 Nxh3+ 0-1

[Event "London Classic Open 2015"]
[Site "London ENG"]
[Date "2015.12.07"]
[Round "5.1"]
[White "Postny, Evgeny"]
[Black "Bok, Benjamin"]
[Result "1/2-1/2"]
[WhiteTitle "GM"]
[BlackTitle "GM"]
[WhiteElo "2670"]
[BlackElo "2594"]
[WhiteFideId "2804344"]
[BlackFideId "1017063"]
[EventDate "2015.12.04"]

1. d4 Nf6 2. c4 g6 3. Nc3 d5 4. cxd5 Nxd5 5. Bd2 Bg7 6. e4 Nxc3 7. Bxc3 O-O 8.
Qd2 Nc6 9. Nf3 Bg4 10. d5 Bxf3 11. gxf3 Ne5 12. Be2 c6 13. f4 Nd7 14. Bxg7 Kxg7
15. dxc6 bxc6 16. Rc1 Nf6 17. Rc4 Rb8 18. b3 a5 19. Qe3 Rb4 20. O-O Rxc4 21.
Bxc4 Qb8 22. Rc1 Qb4 23. Rd1 e6 24. Qd4 Qa3 25. f5 exf5 26. e5 Nd5 27. e6+ Kg8
28. Bxd5 cxd5 29. Qxd5 Qb4 30. h3 Qh4 31. exf7+ Rxf7 32. Qxa5 Qxh3 33. Rd8+ Kg7
34. Qe5+ Kh6 35. Qh2 Qxh2+ 36. Kxh2 Ra7 37. Rd2 Kg5 38. b4 Kf4 39. b5 Ke5 40. b6
Rb7 41. Rb2 Kd6 42. a4 Kc6 43. a5 Rb8 44. Kg3 Kb7 45. Rc2 Ka6 46. Rc5 Re8 47.
Rc7 Kxa5 48. b7 Rb8 49. Rxh7 g5 50. Rf7 Kb6 51. Rxf5 Rxb7 52. Kg4 Rg7 53. Rxg5
Re7 54. Rd5 Rg7+ 55. Kh4 Rf7 56. Rd2 Kc6 57. Kg5 Rg7+ 58. Kf6 Rg2 59. Ke5 Kc7
60. Ke4 Kc6 61. Ke3 Rg7 62. Ke4 Rg2 63. Kf5 Kc7 64. Ke6 Rg6+ 65. Ke7 Rg7+ 66.
Kf6 Rg2 67. Ke5 Kc6 68. Kf4 Kc7 69. Kf3 Rg8 70. Ke3 Re8+ 71. Kf3 Kc6 72. Rd4 Kc5
73. Re4 Ra8 74. Kg4 Rg8+ 75. Kh4 Kd5 76. Re7 Rf8 77. Kg3 Rg8+ 78. Kf3 Rf8+ 79.
Ke3 Rf6 80. Re8 Kd6 81. f3 Kd5 82. Re4 Kd6 83. Rf4 Rg6 84. Re4 Rf6 85. Kf2 Re6 1/2-1/2

[Event "London Classic Open 2015"]
[Site "London ENG"]
[Date "2015.12.07"]
[Round "5.2"]
[White "Lenderman, Aleksandr"]
[Black "Swayams, Mishra"]
[Result "1-0"]
[WhiteTitle "GM"]
[BlackTitle "IM"]
[WhiteElo "2626"]
[BlackElo "2477"]
[WhiteFideId "2021285"]
[BlackFideId "5028183"]
[EventDate "2015.12.04"]

1. d4 Nf6 2. c4 e6 3. Nc3 Bb4 4. Qc2 O-O 5. Nf3 c5 6. dxc5 Na6 7. g3 Nxc5 8. Bg2
b6 9. O-O Bb7 10. Nb5 Nce4 11. Ng5 d5 12. Nxe4 Nxe4 13. Rd1 Qf6 14. Be3 a6 15.
Bxe4 axb5 16. cxd5 Bxd5 17. Bxd5 exd5 18. Rxd5 Rfc8 19. Qb3 Bc5 20. Bxc5 bxc5
21. Rc1 c4 22. Qxb5 g6 23. Rxc4 Rcb8 24. Ra4 Rxb5 25. Rxa8+ Kg7 26. Rxb5 Qe6 27.
Rb3 Qxe2 28. Ra7 g5 29. h3 h5 30. Rbb7 Kg6 31. Rxf7 Qxb2 32. Rfc7 Qb1+ 33. Kh2
Qf1 34. Rc6+ Kf5 35. Rf7+ Ke4 36. Re6+ Kd3 37. Re5 g4 38. Rxh5 gxh3 39. Rxh3 Ke2
40. g4 Qb1 41. Re3+ Kf1 42. Kg3 Qxa2 43. Rf5 Qb2 44. g5 Qh8 45. Rfe5 1-0

[Event "London Classic Open 2015"]
[Site "London ENG"]
[Date "2015.12.07"]
[Round "5.4"]
[White "Arkell, Keith C"]
[Black "Hawkins, Jonathan"]
[Result "1/2-1/2"]
[WhiteTitle "GM"]
[BlackTitle "GM"]
[WhiteElo "2490"]
[BlackElo "2569"]
[WhiteFideId "400270"]
[BlackFideId "412686"]
[EventDate "2015.12.04"]

1. d4 d5 2. Nf3 Nf6 3. c4 e6 4. cxd5 exd5 5. Nc3 c6 6. Bg5 h6 7. Bh4 Bf5 8. e3
Nbd7 9. Bd3 Bxd3 10. Qxd3 Bd6 11. O-O O-O 12. Rab1 a5 13. Qc2 1/2-1/2

[Event "London Classic Open 2015"]
[Site "London ENG"]
[Date "2015.12.07"]
[Round "5.5"]
[White "Hebden, Mark L"]
[Black "Rambaldi, Francesco"]
[Result "1/2-1/2"]
[WhiteTitle "GM"]
[BlackTitle "GM"]
[WhiteElo "2469"]
[BlackElo "2560"]
[WhiteFideId "400084"]
[BlackFideId "20657307"]
[EventDate "2015.12.04"]

1. d4 d6 2. e4 Nf6 3. Nc3 g6 4. Nf3 Bg7 5. Be3 a6 6. Qd2 O-O 7. Bh6 b5 8. Bd3
Bg4 9. e5 Nfd7 10. Bxg7 Kxg7 11. Qf4 Bxf3 12. Qxf3 c6 13. Qg3 dxe5 14. dxe5 Nc5
15. O-O-O Qa5 16. Kb1 Nbd7 17. e6 Nxe6 18. Bxg6 hxg6 19. Rxd7 b4 20. Ne4 Rfe8
21. Rhd1 Rad8 22. Qe3 Rxd7 23. Rxd7 Rd8 24. Rxd8 Qxd8 25. b3 Qd5 26. g3 c5 27.
h4 c4 28. bxc4 Qxc4 29. Ng5 Nxg5 30. hxg5 Kf8 31. Qe5 Ke8 32. Kb2 Kd7 33. f4 Ke8
34. Qb8+ Kd7 35. Qe5 a5 36. Qxa5 Qc3+ 37. Kb1 Qe1+ 38. Kb2 Qc3+ 39. Kb1 Qe1+ 40.
Kb2 Qc3+ 41. Kb1 Qe1+ 42. Kb2 1/2-1/2

[Event "London Classic Open 2015"]
[Site "London ENG"]
[Date "2015.12.07"]
[Round "5.6"]
[White "Vakhidov, Jahongir"]
[Black "Krishna C R G"]
[Result "0-1"]
[WhiteTitle "GM"]
[BlackTitle "IM"]
[WhiteElo "2546"]
[BlackElo "2367"]
[WhiteFideId "14201801"]
[BlackFideId "5018625"]
[EventDate "2015.12.04"]

1. d4 d5 2. c4 c6 3. Nc3 Nf6 4. cxd5 cxd5 5. Bf4 Nc6 6. e3 a6 7. Be2 Bf5 8. Nf3
e6 9. Qb3 Bd6 10. Bxd6 Qxd6 11. Qxb7 O-O 12. Qb3 Rfc8 13. O-O Rab8 14. Qa4 Rxb2
15. Qxa6 Qf8 16. Rac1 Nb4 17. Qa3 Nd3 18. Qxf8+ Kxf8 19. Bxd3 Bxd3 20. Rfe1 Bc2
21. Na4 Rxa2 22. Nc5 Rb8 23. Ne5 Rbb2 24. h3 Ne8 25. Re2 Nd6 26. g4 h6 27. f3
Ke8 28. Kf2 f6 29. Nxe6 fxe5 30. dxe5 Bf5 31. Nc7+ Kd7 32. Rxb2 Rxb2+ 33. Kg3
Nc4 34. Nxd5 Bc2 35. f4 Ke6 36. Nc7+ Kd7 37. Na6 Nxe3 38. Nc5+ Kc6 39. Ne6 g6
40. Kf3 Kd5 41. Nc7+ Kd4 42. Ne6+ Kd5 43. Nc7+ Kd4 44. e6 Be4+ 45. Kg3 g5 46.
fxg5 hxg5 47. h4 Rg2+ 48. Kh3 Bf3 49. Nb5+ Ke5 50. Rc4 Bxg4+ 51. Rxg4 Rxg4 0-1

[Event "London Classic Open 2015"]
[Site "London ENG"]
[Date "2015.12.07"]
[Round "5.7"]
[White "Bartholomew, John"]
[Black "Baron, Tal"]
[Result "1/2-1/2"]
[WhiteTitle "IM"]
[BlackTitle "GM"]
[WhiteElo "2443"]
[BlackElo "2544"]
[WhiteFideId "2019353"]
[BlackFideId "2809958"]
[EventDate "2015.12.04"]

1. d4 Nf6 2. c4 e6 3. Nc3 Bb4 4. Qc2 b6 5. e4 c5 6. d5 Qe7 7. Ne2 exd5 8. exd5
d6 9. Bf4 Ne4 10. f3 Nxc3 11. bxc3 Ba5 12. O-O-O O-O 13. Ng3 f5 14. Bd3 Qf6 15.
Bd2 b5 16. Rde1 Na6 17. Nh5 Qf7 18. Nf4 b4 19. a3 Rb8 20. Ne6 Bxe6 21. Rxe6 Nc7
22. Rxd6 bxc3 23. Bxc3 Bxc3 24. Qxc3 Qe7 25. Rc6 Qe3+ 26. Kc2 Qf2+ 27. Kc1 Qe3+
28. Kc2 Qf2+ 29. Kc1 Qe3+ 1/2-1/2

[Event "London Classic Open 2015"]
[Site "London ENG"]
[Date "2015.12.07"]
[Round "5.8"]
[White "Cox, John J"]
[Black "Vishnu Prasanna, V"]
[Result "1/2-1/2"]
[WhiteTitle "IM"]
[BlackTitle "GM"]
[WhiteElo "2342"]
[BlackElo "2514"]
[WhiteFideId "401064"]
[BlackFideId "5030692"]
[EventDate "2015.12.04"]

1. d4 Nf6 2. c4 g6 3. Nc3 d5 4. Nf3 Bg7 5. e3 O-O 6. b4 Nc6 7. b5 Na5 8. cxd5
Nxd5 9. Nxd5 Qxd5 10. Bd2 Nc4 11. Qb3 Be6 12. Rc1 Nxd2 13. Qxd5 Bxd5 14. Kxd2
Rfc8 15. Bc4 Bxc4 16. Rxc4 a6 17. Rhc1 axb5 18. Rxc7 Rxa2+ 19. Ke1 Rxc7 20. Rxc7
Ra1+ 21. Ke2 Ra2+ 22. Ke1 Ra1+ 23. Ke2 Ra2+ 1/2-1/2

[Event "London Classic Open 2015"]
[Site "London ENG"]
[Date "2015.12.07"]
[Round "5.9"]
[White "Lahtela, Silvo"]
[Black "Sadzikowski, Daniel"]
[Result "1/2-1/2"]
[BlackTitle "IM"]
[WhiteElo "2236"]
[BlackElo "2506"]
[WhiteFideId "4634276"]
[BlackFideId "1132253"]
[EventDate "2015.12.04"]

1. d4 Nf6 2. c4 g6 3. f3 Nc6 4. d5 Ne5 5. e4 d6 6. Nc3 Bg7 7. f4 Ned7 8. Nh3 O-O
9. Nf2 Nc5 10. Be2 e5 11. fxe5 Ne8 12. Be3 Bxe5 13. Qd2 Ng7 14. b4 Na4 15. Bd4
Qf6 16. Bxe5 Qxe5 17. Rc1 Nxc3 18. Qxc3 Re8 19. O-O a5 20. a3 Qxc3 21. Rxc3 Re7
22. Bf3 axb4 23. axb4 Ne8 24. c5 Bd7 25. c6 Bc8 26. cxb7 Bxb7 27. Rfc1 Ra4 28.
Rb3 Ra6 29. b5 Rb6 30. Ng4 Bc8 31. Ne3 Bd7 32. Rcb1 Rb8 33. Nc4 f5 34. exf5 Bxf5
35. R1b2 Re1+ 36. Kf2 Rc1 37. Ne3 Bd7 38. b6 cxb6 39. Rxb6 Rxb6 40. Rxb6 Kf7 41.
g4 Kf6 42. Rb7 Rc7 43. Rb4 g5 44. Kg3 Rc3 45. Kf2 h6 46. Rb7 Rc7 47. Rb4 Kf7 48.
Rb8 Nf6 49. h3 1/2-1/2

[Event "London Classic Open 2015"]
[Site "London ENG"]
[Date "2015.12.07"]
[Round "5.10"]
[White "Osborne, Marcus E"]
[Black "Fodor, Tamas Jr."]
[Result "0-1"]
[BlackTitle "GM"]
[WhiteElo "2180"]
[BlackElo "2492"]
[WhiteFideId "404608"]
[BlackFideId "723762"]
[EventDate "2015.12.04"]

1. d4 d5 2. Nf3 c6 3. c4 e6 4. Nc3 Nf6 5. Bg5 Nbd7 6. cxd5 exd5 7. e3 Qa5 8. Bd3
Ne4 9. O-O Nxg5 10. Nxg5 Nf6 11. f4 Be7 12. Qb3 O-O 13. h3 g6 14. Rae1 Kg7 15.
e4 dxe4 16. Ncxe4 Qb6 17. Nc5 Bxc5 18. dxc5 Qxc5+ 19. Kh1 a5 20. f5 a4 21. Qd1
Ra5 22. b4 axb3 23. Qa1 Qb4 24. Rb1 Qh4 25. Ne4 bxa2 26. Rbd1 Bxf5 27. g3 Bxe4+
28. Kh2 Qg5 0-1

[Event "London Classic Open 2015"]
[Site "London ENG"]
[Date "2015.12.07"]
[Round "5.11"]
[White "Melkumyan, Hrant"]
[Black "Nguyen, Piotr"]
[Result "1-0"]
[WhiteTitle "GM"]
[WhiteElo "2654"]
[BlackElo "2329"]
[WhiteFideId "13302485"]
[BlackFideId "1127993"]
[EventDate "2015.12.04"]

1. Nf3 f5 2. c4 Nf6 3. Nc3 g6 4. d4 Bg7 5. e3 O-O 6. Be2 d6 7. O-O Nc6 8. d5 Ne5
9. Nxe5 dxe5 10. Qb3 c5 11. dxc6 bxc6 12. c5+ Kh8 13. Qa4 Qc7 14. b4 Be6 15. Bb2
Nd7 16. Rac1 Rfb8 17. Ba1 e4 18. Qa3 Ne5 19. Na4 Bd5 20. Rfd1 e6 21. Bd4 g5 22.
Nc3 g4 23. Nxd5 exd5 24. Qc3 Rg8 25. Kh1 Rae8 26. b5 cxb5 27. g3 Qf7 28. c6 Re6
29. c7 Rc8 30. Bxb5 Qh5 31. Be2 Re7 32. h4 Qf7 33. Qb3 Kg8 34. Qb8 Qe8 35. Qxa7
Nc6 36. Qc5 Nxd4 37. Qxd5+ Ne6 38. Bb5 Qf7 39. Bd7 Rxd7 40. Qxd7 Qxd7 41. Rxd7
Kf8 42. Rd5 f4 43. gxf4 Bf6 44. Rc6 Rxc7 45. Rxe6 Bxh4 46. Rd2 1-0

[Event "London Classic Open 2015"]
[Site "London ENG"]
[Date "2015.12.07"]
[Round "5.12"]
[White "Edouard, Romain"]
[Black "Richardson, John R"]
[Result "1-0"]
[WhiteTitle "GM"]
[BlackTitle "FM"]
[WhiteElo "2627"]
[BlackElo "2302"]
[WhiteFideId "633429"]
[BlackFideId "401617"]
[EventDate "2015.12.04"]

1. d4 Nf6 2. c4 e6 3. Nf3 b6 4. e3 Bb7 5. Bd3 d5 6. O-O Nbd7 7. b3 Bd6 8. Bb2
O-O 9. Nc3 c5 10. Re1 Ne4 11. cxd5 exd5 12. dxc5 Ndxc5 13. Bf1 Rc8 14. Nb5 Bb8
15. Rc1 a6 16. Nbd4 Qd7 17. Ne2 Qf5 18. Ng3 Nxg3 19. hxg3 Ne6 20. Rxc8 Rxc8 21.
Bd3 Qh5 22. Bb1 Rd8 23. Qd3 Bd6 24. Nd4 Bf8 25. g4 Qh6 26. Nf5 Qg6 27. Qe2 Qg5
28. f4 Nxf4 29. exf4 Qxf4 30. Ne7+ Kh8 31. Qd3 Qh6 32. Re3 Bxe7 33. Rxe7 1-0

[Event "London Classic Open 2015"]
[Site "London ENG"]
[Date "2015.12.07"]
[Round "5.13"]
[White "Jumabayev, Rinat"]
[Black "Cederstam Barsk, Carl"]
[Result "1-0"]
[WhiteTitle "GM"]
[BlackTitle "FM"]
[WhiteElo "2599"]
[BlackElo "2291"]
[WhiteFideId "13702661"]
[BlackFideId "1713329"]
[EventDate "2015.12.04"]

1. d4 d5 2. Nf3 Nf6 3. c4 c6 4. Nc3 dxc4 5. a4 Bf5 6. e3 e6 7. a5 Na6 8. Bxc4
Nb4 9. O-O Be7 10. Qe2 b5 11. axb6 axb6 12. Rxa8 Qxa8 13. Ne5 b5 14. Bb3 h6 15.
e4 Bh7 16. d5 exd5 17. exd5 Nbxd5 18. Nxd5 cxd5 19. Qxb5+ Kf8 20. Nc6 Bd6 21.
Bxd5 Nxd5 22. Qxd5 Bc7 23. Qc5+ Kg8 24. Ne7+ Kf8 25. Qxc7 Qxg2+ 26. Kxg2 Be4+
27. f3 Bxf3+ 28. Rxf3 Ke8 29. Nf5 Rh7 30. Qc8# 1-0

[Event "London Classic Open 2015"]
[Site "London ENG"]
[Date "2015.12.07"]
[Round "5.14"]
[White "Dragun, Kamil"]
[Black "Roe, Simon J"]
[Result "1-0"]
[WhiteTitle "GM"]
[WhiteElo "2564"]
[BlackElo "2254"]
[WhiteFideId "1134167"]
[BlackFideId "401471"]
[EventDate "2015.12.04"]

1. d4 Nf6 2. c4 c5 3. d5 b5 4. cxb5 a6 5. e3 g6 6. Nc3 Bg7 7. Nf3 O-O 8. a4 Bb7
9. e4 e6 10. dxe6 fxe6 11. Bg5 Qa5 12. Bd2 Qc7 13. Bd3 d5 14. Ng5 Qe5 15. Qe2
Nxe4 16. Ngxe4 dxe4 17. Bxe4 Bxe4 18. Nxe4 Qxb2 19. O-O axb5 20. Rab1 Qd4 21.
axb5 Ra2 22. Rfd1 Rd8 23. Qg4 Qe5 24. Bc3 Rxd1+ 25. Rxd1 Qf5 26. Rd8+ Bf8 27.
Qxf5 gxf5 28. Ng3 Rc2 29. Be5 1-0

[Event "London Classic Open 2015"]
[Site "London ENG"]
[Date "2015.12.07"]
[Round "5.15"]
[White "Gledura, Benjamin"]
[Black "Hill, Alistair"]
[Result "1-0"]
[WhiteTitle "IM"]
[WhiteElo "2513"]
[BlackElo "2157"]
[WhiteFideId "712779"]
[BlackFideId "432407"]
[EventDate "2015.12.04"]

1. d4 Nf6 2. c4 g6 3. Nc3 d5 4. cxd5 Nxd5 5. e4 Nxc3 6. bxc3 Bg7 7. Be3 c5 8.
Rc1 Qa5 9. Qd2 cxd4 10. cxd4 Qxd2+ 11. Bxd2 O-O 12. Nf3 e6 13. h4 Nc6 14. Be3
Rd8 15. e5 Bd7 16. Rb1 Rab8 17. h5 Ne7 18. hxg6 hxg6 19. Bg5 Re8 20. Nd2 Bc6 21.
Rb3 Rbd8 22. Nc4 Rxd4 23. Nd6 Kf8 24. Nxe8 Kxe8 25. f4 Nd5 26. Rh7 f6 27. Rxg7
fxg5 28. fxg5 Nf4 29. g3 Kf8 30. Rc7 Nd5 31. Rf3+ Ke8 32. Rc8+ Kd7 33. Rg8 Re4+
34. Kd2 Rxe5 35. Rf7+ Kd6 36. Rxg6 Ne7 37. Rgg7 Nf5 38. Rg8 Nxg3 39. Bd3 Bd5 40.
g6 Rg5 41. Rd8+ Kc6 42. g7 e5 43. Rf6+ Kc5 44. Rxd5+ Kxd5 1-0

[Event "London Classic Open 2015"]
[Site "London ENG"]
[Date "2015.12.07"]
[Round "5.16"]
[White "Vuilleumier, Alexandre"]
[Black "Westerberg, Jonathan"]
[Result "1-0"]
[WhiteTitle "IM"]
[BlackTitle "IM"]
[WhiteElo "2342"]
[BlackElo "2497"]
[WhiteFideId "1305662"]
[BlackFideId "1701754"]
[EventDate "2015.12.04"]

1. e4 c5 2. Nf3 e6 3. c3 Nf6 4. e5 Nd5 5. d4 cxd4 6. cxd4 d6 7. Bc4 Be7 8. O-O
O-O 9. Qe2 b6 10. Rd1 Bb7 11. Bxd5 Bxd5 12. Nc3 Bxf3 13. Qxf3 d5 14. Qg3 f5 15.
Ne2 Qe8 16. Bg5 Bxg5 17. Qxg5 Nc6 18. h4 Rc8 19. Nf4 Qf7 20. Rd3 h6 21. Qg6 Rfe8
22. h5 Qxg6 23. hxg6 Na5 24. b4 Nc4 25. Rc3 Kf8 26. a4 Rc6 27. Rac1 Ke7 28. Nh5
Kf8 29. f3 Rec8 30. b5 R6c7 31. g4 fxg4 32. fxg4 Ke7 33. Nxg7 Rg8 34. Nf5+ exf5
35. gxf5 Rcc8 36. Rh3 Rcf8 37. f6+ Ke6 38. g7 Kf7 39. Rxh6 Rc8 40. Re1 Rce8 41.
Kf2 Re6 42. Rh8 Ree8 43. Rxg8 Rxg8 44. Rh1 Nd2 45. Rc1 Ne4+ 46. Ke3 Ng5 47. Rc7+
Kg6 48. Re7 Rc8 49. Kf4 Nf7 50. Rxa7 Nh6 51. Rd7 Ra8 52. Rxd5 Kh7 53. Rd7 Kg6
54. Ke4 Kh7 55. Kd5 Kg8 56. Kc6 Nf7 57. Kxb6 1-0

[Event "London Classic Open 2015"]
[Site "London ENG"]
[Date "2015.12.07"]
[Round "5.17"]
[White "Blomqvist, Erik"]
[Black "Lam, Daniel King-wai"]
[Result "1-0"]
[WhiteTitle "GM"]
[WhiteElo "2493"]
[BlackElo "2147"]
[WhiteFideId "1709437"]
[BlackFideId "6001238"]
[EventDate "2015.12.04"]

1. e4 c5 2. Nf3 d6 3. Bc4 Nf6 4. d3 g6 5. e5 dxe5 6. Nxe5 e6 7. Qf3 Bg7 8. Bb5+
Kf8 9. Nc3 Qd4 10. Nc4 Qg4 11. Be3 Nbd7 12. Bxd7 Qxf3 13. Bxc5+ Kg8 14. gxf3
Bxd7 15. Bd4 Nh5 16. Bxg7 Kxg7 17. a4 e5 18. Kd2 f6 19. Rhe1 Rhd8 20. Ra3 Bc6
21. Re3 Rab8 22. b4 Nf4 23. b5 Ng2 24. bxc6 Nxe3 25. fxe3 bxc6 26. Ra1 Rb4 27.
Ke2 Rdb8 28. e4 Kf7 29. Na5 R4b6 30. Kd2 h5 31. Nb3 Rg8 32. Nd1 Rd8 33. Ne3 1-0

[Event "London Classic Open 2015"]
[Site "London ENG"]
[Date "2015.12.07"]
[Round "5.18"]
[White "Tania, Sachdev"]
[Black "Andersen, Mads"]
[Result "1/2-1/2"]
[WhiteTitle "IM"]
[BlackTitle "IM"]
[WhiteElo "2357"]
[BlackElo "2474"]
[WhiteFideId "5007844"]
[BlackFideId "1413864"]
[EventDate "2015.12.04"]

1. d4 d5 2. c4 c6 3. Nf3 Nf6 4. Nc3 e6 5. Qb3 dxc4 6. Qxc4 b5 7. Qd3 a6 8. Bg5
c5 9. d5 Be7 10. O-O-O Nxd5 11. Bxe7 Qxe7 12. Nxd5 exd5 13. Qxd5 Bb7 14. Qe5 f6
15. Qxe7+ Kxe7 16. e3 Nd7 17. Be2 Nb6 18. h4 Bd5 19. Kb1 Rad8 20. Bd3 Rd6 21.
Bc2 Rhd8 22. e4 Bb7 23. Rxd6 Rxd6 24. e5 fxe5 25. Nxe5 Re6 26. Nd3 Re2 27. Nxc5
Bxg2 28. Rg1 Rxf2 29. Be4 Bxe4+ 30. Nxe4 Rf4 31. Rxg7+ Kf8 32. Rb7 Rxe4 33. Rxb6
Rxh4 34. Rxa6 h5 35. Rb6 b4 36. a3 bxa3 37. bxa3 Rg4 38. Kc2 h4 39. Kd2 h3 40.
Rh6 Rg2+ 41. Ke3 Ra2 42. Kf3 Kg7 43. Rxh3 Rxa3+ 44. Kg4 Rxh3 45. Kxh3 1/2-1/2